Manual de perfilación criminal (Registro nro. 13116)
[ vista simple ]
| 000 -Cabecera | |
|---|---|
| Campo de control de longitud fija | 00975ntm a22003617a 4500 |
| 005 - Fecha y hora de la última transacción | |
| Campo de control | 20251103171247.0 |
| 008 - Elementos de longitud fija--Información general | |
| Campo de control de longitud fija | 210813b2020 xxu||||| |||| 00| 0 spa d |
| 020 ## - International Standard Book Number | |
| Número Internacional Estándar del Libro (ISBN) | 9788417526238 |
| 041 ## - Idioma | |
| Código de idioma | Español |
| 082 ## - Clasificación Decimal Dewey | |
| Número de clasificación | 363.25 S718m |
| 100 ## - Entrada principal--Autor personal | |
| Nombre personal | Soto Castro, Juan Enrique |
| 245 ## - Título propiamente dicho | |
| Título | Manual de perfilación criminal |
| 260 ## - Pie de imprenta | |
| Lugar de publicación, distribución, etc. | España |
| 260 ## - Pie de imprenta | |
| Lugar de publicación, distribución, etc. | Delta publicaciones |
| 260 ## - Pie de imprenta | |
| Lugar de publicación, distribución, etc. | 2020 |
| 300 ## - Descripción física | |
| Extensión | 185 páginas |
| 490 ## - Serie | |
| Título de la Serie | Investigación Criminal |
| 650 ## - Materia general | |
| Temática (materia general) | Manual de perfilación criminal |
| 650 ## - Materia general | |
| Temática (materia general) | PERFILACIÓN CRIMINAL |
| 650 ## - Materia general | |
| Temática (materia general) | CONDUCTA CRIMINAL |
| 650 ## - Materia general | |
| Temática (materia general) | EVIDENCIAS |
| 650 ## - Materia general | |
| Temática (materia general) | MODUS OPERANDI |
| 650 ## - Materia general | |
| Temática (materia general) | ESCENIFICACIÓN |
| 650 ## - Materia general | |
| Temática (materia general) | SELLO PERSONAL |
| 650 ## - Materia general | |
| Temática (materia general) | PERFILES PSICOLÓGICOS |
| 650 ## - Materia general | |
| Temática (materia general) | TIPOLOGÍAS DELICTIVAS |
| 650 ## - Materia general | |
| Temática (materia general) | PERFIL VICTIMOLÓGICO |
| 650 ## - Materia general | |
| Temática (materia general) | REVICTIMIZACIÓN |
| 650 ## - Materia general | |
| Temática (materia general) | PERFILADO GEOGRÁFICO |
| 650 ## - Materia general | |
| Temática (materia general) | GEOPERFIL |
| 650 ## - Materia general | |
| Temática (materia general) | PERFILADO CRIMINOLÓGICO |
| 942 ## - Punto de acceso adicional KOHA | |
| Tipo de ítem KOHA | Libro |
| Fuente del sistema de clasificación o colocación | Dewey Decimal Classification |
| Signatura completa | Código de barras | Programa Académico | Tipo de ítem |
|---|---|---|---|
| 363.25 S718m | 25414 | Investigación Criminal | Libro |
| 363.25 S718m | 25690 | Investigación Criminal | Libro |